000 01832nam0a22003731 4500
001 v19\rc\1566291
005 20260406132518.0
035 _a(NLR Aleph) 004835022
090 _a4762200
_c4762200
100 _a20061002d1891 |||y0rusy50 ca
101 0 _arus
102 _aRU
105 _ay z |||||
200 1 _aТайны волшебства и открытие всех тайных наук и чудес черной и белой магии, и объяснение удивительных и загадочных фокусов известных магов и чародеев: Пинетти, Каллиостро, Нострдамуса, Пифагора, Алберта Великого, Николая Фламеля, Сведенборга и многих других
210 _aМосква
_cЕ.А. Губанов
_d1891
215 _a191 с.
702 1 _aСведенборг
_bЭ.
_f1688-1772
_gЭммануэль
_4570
702 1 _aПинетти
_4570
702 1 _9z01790
_aКалиостро
_bА.
_f1743-1795
_gАлессандро
_4570
702 1 _4570
_7ca
_8rus
_aНострадамус
_bМ.
_f1503-1566
_gМишель
_3RU\NLR\auth\771907
_9111924
702 0 _aПифагор
_4570
702 0 _9z03790
_aАльберт Великий
_fок. 1193-1280
_4570
702 1 _4570
_7ca
_8rus
_aФламель
_bН.
_f1330-1418
_gНиколас
_9141797
_3RU\NLR\AUTH\770141833
790 1 _9z01702
_aКаллиостро
_bА.
_f1743-1795
_gАлександр
790 1 _9z02702
_aНострдамус
_bМ.
_f1503-1566
_gМишель
790 0 _9z03702
_aАлберт Великий
_fок. 1193-1280
801 0 _aRU
_bNLR
_gpsbo
801 0 _aRU
_bRuMoRGB
_2psbo
801 1 _aRU
_bProSoft-M
_2rusmarc
852 _aNLR
_j18.238.8.27
852 _aNLR
_j128/3880
942 _cBOOK
980 _aNB